000 00456nam a2200145 i 4500
001 37899
003 ES-MaACL
007 t|
008 030224s1971 fr ||||1| fre d
100 1 _aCahuet, Albéric.
_933451
245 1 0 _aPontcarral
_b: la Restauration et les debuts de la monarchie de juillet : 1815-1835 /
_cAlbéric Cahuet.
260 _a[Paris] :
_bRombaldi,
_c[1971]
300 _a297 p. :
_bil. ;
_c22 cm.
852 _aES-MaACL
_jE-4982
_bR.88876
999 _c37899
_d37899